000
00364nam a2200157Ia 4500
008
151213s9999 xx 000 0 und d
100
_a
Bernard Shaw
245
_a
Saint Joan
_c
Bernard Shaw
250
_a
1st
260
_a
Australia
_b
Penguijng Book
_c
1961
300
_a
4352 p.
650
_a
English
650
_a
Story
700
_a
Bernard Shaw
999
_c
2766
_d
2766